Sports Quiz

Random Sports or WWE Quiz

WWE General Managers Quiz Stats

 Plays Quiz not verified by Sporcle

Challenge
Share
Tweet
Embed
Score 0/19 Timer 10:00
0 Plays Today
Years of tenure GM % Correct
2004-2007; 2008-2009; 2009-2012Theodore Long
95%
2002-2003;2008-2009Stephanie McMahon
94.6%
2008Shane McMahon
91%
2002-2005Eric Bischoff
89.9%
2007-2009; 2009; 2010Vickie Guerrero
88.1%
2003-2004Paul Heyman
82.8%
2003Steve Austin
72.7%
2012AJ Lee
69.5%
2012Booker T
69.5%
2003Mick Foley
66.9%
Years of tenure GM % Correct
2004Kurt Angle
66.2%
2011-2012; 2012John Laurinaitis
64.6%
2007-2008William Regal
62.3%
2010-2011Anonymous Raw General Manager
58.6%
2008Mike Adamle
55%
2009-2010Tiffany
51.6%
2007Jonathan Coachman
47.7%
2007-2008Armando Estrada
45.1%
2010Bret Hart
43.7%

You're not logged in!

Compare scores with friends on all Sporcle quizzes.
Join for Free
OR
Log In

You Might Also Like...

Show Comments

Extras

Created Sep 16, 2012ReportNominate
Tags:WWE Quiz, manager, tenure

Top Quizzes Today


Score Distribution

Your Account Isn't Verified!

In order to create a playlist on Sporcle, you need to verify the email address you used during registration. Go to your Sporcle Settings to finish the process.

Report this User

Report this user for behavior that violates our Community Guidelines.

Details: